000 00343nam a2200145Ia 4500
003 OSt
005 20240207100749.0
008 170523s9999 xx 000 0 und d
020 _a978-0099387817
040 _ciimt university meerut
100 _aRIGGS- JAMES L
245 0 _aPRODUCTION SYSTEMS
260 _bJOHN WILEY SONS
942 _2ddc
_c02
999 _c359
_d359